Language Quiz

Random Language or Letter Quiz

Most Common Words (SPORCLE) Quiz Stats

 Plays Quiz Updated Feb 23, 2012

Challenge
Share
Tweet
Embed
Score 0/70 Timer 10:00
0 Plays Today
Starts With Word % Correct
Sso
84.2%
Oon
73.2%
Oof
66.1%
Oor
64.9%
Ccan
63.9%
Ssee
48.8%
Ssay
48.1%
Llike
42.2%
Ccould
41.6%
Rrun
40.8%
Oover
40.7%
Pput
39.2%
Ssome
38.9%
Eevery
38.8%
Sshe
37.9%
Oout
36.3%
Ssaid
36.2%
Rright
34.6%
Eend
34.3%
Eeat
32%
Ccome
31.2%
Eeven
30.6%
Rred
28.9%
Rreal
28.6%
Rread
28.2%
Oone
27.8%
Ppeople
26.5%
Llive
26.3%
Ccall
24.8%
Eeach
24.5%
Oour
21.5%
Pplay
21.2%
Llook
21.1%
Oother
20.6%
Pplace
20.5%
Starts With Word % Correct
Ppart
19.9%
Ccame
19.7%
Ssame
19.5%
Oonly
17.7%
Oold
17.5%
Llow
17.3%
Llight
17.3%
Llong
14.2%
Eeye
13.4%
Sshow
12.8%
Llittle
12.2%
Lland
11.7%
Lline
9.8%
Rrain
9.8%
Rround
9%
Ccause
8.1%
Pport
7.2%
Rready
6.6%
Eease
6.1%
Ssound
6.1%
Rriver
6%
Eearth
5.9%
Ccover
5.4%
Eenough
5%
Rroom
4.9%
Ppoint
4.8%
Llarge
4.7%
Pplant
4.7%
Sside
4.4%
Cchange
4.3%
Ccountry
3.9%
Ccity
3.7%
Ppage
3.6%
Ppicture
3.3%
Eexample
2.1%

You're not logged in!

Compare scores with friends on all Sporcle quizzes.
Join for Free
OR
Log In

You Might Also Like...

Show Comments

Extras

Top Quizzes Today


Score Distribution

Your Account Isn't Verified!

In order to create a playlist on Sporcle, you need to verify the email address you used during registration. Go to your Sporcle Settings to finish the process.

Report this User

Report this user for behavior that violates our Community Guidelines.

Details: